[Event "Fast Game"]
[Site "www.echecsemail.com"]
[Date "2018.11.29"]
[Round "1"]
[White "Picifarkinca"]
[Black "Apdash"]
[WhiteElo "1820"]
[BlackElo "1850"]
[Result "0-1"]
[Round "1"]
1.Nb1c3 e5
2.e4 Ng8f6
3.Bf1c4 Bf8c5
4.Ng1f3 d6
5.h3 O-O
6.d3 Qd8e7
7.Bc1g5 c6
8.O-O Bc8e6
9.Bc4xe6 Qe7xe6
10.Nc3a4 Bc5b4
11.c3 Bb4a5
12.b4 Ba5c7
13.Bg5xf6 Qe6xf6
14.c4 a6
15.Na4c3 Nb8d7
16.a4 Bc7b6
17.Qd1d2 Rf8e8
18.a5 Bb6a7
19.Nc3a4 h6
20.Rf1b1 Re8d8
{ resign }
0-1

[Event "Fast Game"]
[Site "www.echecsemail.com"]
[Date "2018.11.29"]
[Round "1"]
[White "Picifarkinca"]
[Black "Erno"]
[WhiteElo "1820"]
[BlackElo "1689"]
[Result "0-1"]
[Round "1"]
1.Nb1c3 d5
2.d4 c5
3.Ng1f3 Nb8c6
4.Bc1f4 Ng8f6
5.e3 Nf6h5
6.Bf4g3 cxd4
7.exd4 Bc8g4
8.Bf1e2 g6
9.O-O Bf8g7
10.Nf3e5 Bg4xe2
11.Nc3xe2 Nh5xg3
12.hxg3 Nc6xe5
13.dxe5 Bg7xe5
14.Ne2d4 O-O
15.c3 Be5g7
{ resign }
0-1

[Event "Match"]
[Site "www.echecsemail.com"]
[Date "2018.11.30"]
[Round "1"]
[White "Manolinex"]
[Black "Krystek23"]
[WhiteElo "2890"]
[BlackElo "2530"]
[Result "1-0"]
[Round "1"]
1.e4 c5
2.Ng1f3 e6
3.d4 cxd4
4.Nf3xd4 Nb8c6
5.Nb1c3 Qd8c7
6.Bf1e2 a6
7.Bc1e3 Ng8f6
8.O-O Bf8e7
9.f4 d6
10.Be2d3 O-O
11.Kh1 Bc8d7
12.Qd1f3 b5
13.a4 b4
14.Nc3e2 g6
15.Ne2g3 Nc6xd4
16.Be3xd4 e5
17.Bd4e3 Nf6g4
18.f5 Ng4xe3
19.Qf3xe3 Kg7
20.b3 a5
21.Bd3c4 Ra8c8
22.Rf1f3 Qc7c5
23.Qe3d3 Be7g5
24.Qd3e2 f6
25.Ra1d1 Rc8c6
26.Rf3d3 Bd7c8
27.c3 bxc3
28.Rd3xc3 Rc6c7
29.Rc3d3 Rf8d8
30.Qe2g4 Kh8
31.Qg4f3 Qc5b6
32.h3 Rc7e7
33.Ng3e2 gxf5
34.Ne2c3 Qb6c6
35.Bc4b5 Qc6c7
36.Bb5c4 Re7g7
37.Nc3b5 fxe4
38.Qf3xe4 Qc7b7
39.Qe4xb7 Bc8xb7
40.Nb5xd6 Rd8f8
41.Nd6f5 Rg7c7
42.Rd3d8 Rc7c8
43.Rd8d7 Bb7c6
44.Rd7e7 Bc6e8
45.h4 Bg5f4
46.g3 Be8g6
47.Nf5d6 Bf4xg3
48.Nd6xc8 Rf8xc8
49.Bc4d3 Rc8d8
50.Kg2 Bg3f4
51.Bd3c2 Bg6e4
52.Kf2 Rd8xd1
53.Bc2xd1 Bf4d2
54.h5 h6
55.Bd1f3 Be4f5
56.Re7e8 Kg7
57.Re8d8 Bd2b4
58.Bf3d5 Bf5h7
59.Rd8b8 Bb4c3
60.Ke2 Bh7b1
61.Rb8g8 Kh7
62.Rg8f8 f5
63.Rf8c8 Bc3b4
64.Rc8c7 { resign }
1-0

[Event "Match"]
[Site "www.echecsemail.com"]
[Date "2018.11.30"]
[Round "1"]
[White "Jovaras"]
[Black "Liencam2"]
[WhiteElo "2140"]
[BlackElo "2330"]
[Result "0-1"]
[Round "1"]
1.e4 c5
2.Ng1f3 e6
3.d4 cxd4
4.Nf3xd4 a6
5.Bf1d3 Ng8f6
6.O-O Qd8c7
7.Nb1c3 b5
8.Bc1e3 Bc8b7
9.f3 Bf8e7
10.Qd1d2 d6
11.Ra1c1 Nb8d7
12.a3 Nd7e5
13.f4 Ne5c4
14.Bd3xc4 Qc7xc4
15.e5 Nf6d5
16.Nc3xd5 Qc4xd5
17.Nd4f3 O-O
18.Qd2xd5 Bb7xd5
19.Rf1d1 dxe5
20.Nf3xe5 Rf8c8
21.c3 Bd5b3
22.Rd1d7 Rc8e8
23.Ne5c6 Be7f6
24.Nc6a5 Bb3d5
25.Rc1d1 Re8b8
26.b3 Bf6xc3
27.b4 Bc3b2
28.Rd1d3 Rb8c8
29.Na5b7 Rc8c2
30.Nb7d6 f5
31.Be3f2 Rc2c1
{ resign }
0-1

[Event "Match"]
[Site "www.echecsemail.com"]
[Date "2018.11.30"]
[Round "1"]
[White "Dougbeer"]
[Black "Tonino1"]
[WhiteElo "2390"]
[BlackElo "2150"]
[Result "1-0"]
[Round "1"]
1.e4 d6
2.f4 Ng8f6
3.Nb1c3 c6
4.Ng1f3 Qd8c7
5.Bf1e2 e5
6.O-O g6
7.d4 exd4
8.Qd1xd4 Bf8g7
9.Rf1d1 O-O
10.Qd4xd6 Qc7b6
11.Qd6d4 c5
12.Qd4f2 Nf6g4
13.Qf2h4 c4
14.Kf1 Bg7f6
15.Nf3g5 h6
16.Nc3d5 hxg5
17.fxg5 Bf6d4
18.Nd5xb6  { time }
1-0

[Event "Match"]
[Site "www.echecsemail.com"]
[Date "2018.11.30"]
[Round "1"]
[White "Whitekknight"]
[Black "Tonino1"]
[WhiteElo "1840"]
[BlackElo "2250"]
[Result "0-1"]
[Round "1"]
1.e4 d6
2.d4 Ng8f6
3.Nb1c3 c6
4.Ng1f3 Qd8c7
5.d5 c5
6.Bf1c4 a6
7.a4 b6
8.O-O Nb8d7
9.h3 g6
10.Bc1f4 Bf8g7
11.Rf1e1 O-O
12.g4 Nf6e8
13.Qd1d2 Nd7e5
14.Nf3xe5 dxe5
15.Bf4g3 Ne8d6
16.Bc4a2 Bc8d7
17.b3 b5
18.Ba2b1 b4
19.Nc3d1 a5
20.Bg3h4 Rf8e8
21.c4 f5
22.f3 f4
23.Bb1d3 h6
24.Bh4f2 g5
25.Kh2 Kf7
26.Kg2 h5
27.Re1h1 Re8h8
28.Qd2e1 hxg4
29.hxg4 Rh8xh1
30.Kxh1 Ra8h8
31.Kg2 Qc7c8
32.Qe1e2 Nd6e8
33.Nd1b2 Ne8f6
34.Ra1g1 Nf6xg4
35.fxg4 Bd7xg4
36.Qe2d2 Bg4h3
37.Kf3 g4
38.Ke2 Bg7h6
39.Ke1 g3
{ resign }
0-1

[Event "Tourn. n9953"]
[Site "www.echecsemail.com"]
[Date "2018.11.30"]
[Round "1"]
[White "Ssharp"]
[Black "Andychesston"]
[WhiteElo "2290"]
[BlackElo "2040"]
[Result "1-0"]
[Round "1"]
1.e4 e5
2.d4 exd4
3.c3 d5
4.Qd1xd4 c5
5.Qd4xd5 Qd8xd5
6.exd5 Bf8d6
7.Bf1b5 Bc8d7
8.Bb5xd7 Nb8xd7
9.Ng1f3 Ng8f6
10.c4 O-O
11.O-O Ra8e8
12.Nb1c3 Kh8
13.Nc3b5 Bd6b8
14.Bc1e3 b6
15.Nb5c3 Nd7e5
16.Nf3xe5 Bb8xe5
17.Ra1c1 Nf6g4
18.h3 Ng4xe3
19.fxe3 Be5f6
20.Rf1e1 Bf6h4
21.Re1e2 Bh4g5
22.Kf2 f5
23.g3 g6
24.Nc3b5 Re8e7
25.Rc1d1 a6
26.Nb5c3 Rf8d8
27.b3 Re7d7
28.Kf3 Bg5f6
29.Nc3b1 a5
30.Nb1a3 a4
31.Na3c2 axb3
32.axb3 Bf6c3
33.Nc2a3 Bc3b4
34.Na3b5 Kg7
35.Rd1a1 Bb4a5
36.h4 h5
37.e4 fxe4
38.Kxe4 Rd7f7
39.Kd3 Rf7f3
40.Re2e3 Rf3xe3
41.Kxe3 Rd8e8
42.Kf3 Ba5d2
43.d6 Re8e3
44.Kf2 Re3xb3
45.Ke2 Rb3b2
46.Kf3 Rb2b3
47.Ke4 Rb3e3
48.Kd5 Bd2c3
49.Nb5xc3 Re3xc3
50.Ra1f1 Rc3xg3
51.d7 Rg3d3
52.Kc6 Rd3d4
53.Kc7 Rd4xh4
54.d8Q Rh4xc4
55.Qd8f8 { resign }
1-0

[Event "Match"]
[Site "www.echecsemail.com"]
[Date "2018.11.30"]
[Round "1"]
[White "Cal"]
[Black "Apdash"]
[WhiteElo "1750"]
[BlackElo "2320"]
[Result "0-1"]
[Round "1"]
1.d4 d5
2.e3 Ng8f6
3.h3 e6
4.a3 c5
5.dxc5 Bf8xc5
6.b4 Bc5b6
7.Bc1b2 O-O
8.Ng1f3 Nb8d7
9.Bf1d3 Qd8e7
10.Nf3g5 h6
11.Ng5f3 e5
12.Bd3f5 a5
13.O-O axb4
14.a4 Ra8a5
15.Nb1d2 Bb6c5
16.Bf5xd7 Nf6xd7
17.Rf1e1 e4
18.Nf3h2 Nd7f6
19.c3 b6
20.c4 Bc8e6
21.Bb2e5 dxc4
22.Qd1c2 b3
23.Qc2c3 Nf6d5
24.Qc3b2 c3
25.Qb2xb3 cxd2
26.Re1d1 Nd5xe3
27.Qb3c3 Ne3xd1
28.Qc3xd2 Nd1xf2
29.Kf1 Be6c4
30.Ke1 Qe7xe5
31.Ra1c1 Nf2d3
32.Kd1 Bc4b3
33.Ke2 Nd3xc1
34.Qd2xc1 Qe5xh2
{ resign }
0-1

[Event "Match"]
[Site "www.echecsemail.com"]
[Date "2018.11.30"]
[Round "1"]
[White "Dussek"]
[Black "Picifarkinca"]
[WhiteElo "1850"]
[BlackElo "1840"]
[Result "1-0"]
[Round "1"]
1.f4 e5
2.f5 d5
3.Ng1f3 e4
4.Nf3d4 c5
5.Nd4b3 Bc8xf5
6.d3 Nb8c6
7.Bc1f4 Bf8d6
8.g3 Bd6xf4
9.gxf4 Qd8h4
10.Kd2 Qh4xf4
11.e3 Qf4f2
12.Bf1e2 Bf5g4
13.Nb3xc5 { resign }
1-0

[Event "Match"]
[Site "www.echecsemail.com"]
[Date "2018.11.30"]
[Round "1"]
[White "Mitja"]
[Black "Ssharp"]
[WhiteElo "1920"]
[BlackElo "2280"]
[Result "1-0"]
[Round "1"]
1.e3 c5
2.d4 cxd4
3.exd4 d5
4.c3 Ng8f6
5.f3 Bc8f5
6.Bf1d3 Bf5xd3
7.Qd1xd3 Nb8c6
8.b3 e6
9.Bc1b2 Bf8e7
10.Ng1h3 O-O
11.O-O h6
12.Nb1d2 a6
13.Rf1e1 Ra8c8
14.Ra1c1 b5
15.b4 Be7d6
16.Nd2b3 Bd6c7
17.a3 Qd8d6
18.g3 Nf6h5
19.f4 Nh5f6
20.Nb3c5 Rc8a8
21.Nh3f2 Ra8a7
22.Re1e2 Rf8b8
23.Rc1e1 a5
24.f5 Nc6d8
25.fxe6 Nd8xe6
26.Nc5xe6 fxe6
27.Re2xe6 Qd6d8
28.Qd3g6 axb4
29.Re6e7 Qd8f8
30.Bb2c1 Kh8
31.Nf2g4 Nf6e4
32.Re7d7 Bc7b6
33.Rd7xa7 Bb6xa7
34.Re1f1 Qf8g8
35.Rf1f7 Rb8b6
36.Qg6f5 Ne4d6
37.Ng4xh6 Nd6xf5
38.Nh6xg8 Kxg8
39.Rf7xf5 bxa3
40.Bc1xa3 Rb6a6
41.Ba3b4 Ra6a1
42.Kg2 Ra1a2
43.Kh3 Kh7
44.Rf5xd5 Ra2b2
45.Rd5xb5 Kg6
46.Rb5b7 Rb2a2
47.Kg4 Ra2a4
48.h4 Kf6
49.h5 Ra4a6
50.Kf4 g5
51.Kg4 Ra6a4
52.h6 Kg6
53.h7 Ba7xd4
54.cxd4 Ra4a8
55.d5 Ra8c8
56.Bb4c5 Rc8xc5
57.h8Q Rc5c7
58.Qh8g8 { resign }
1-0

[Event "Tourn. n9944"]
[Site "www.echecsemail.com"]
[Date "2018.11.30"]
[Round "1"]
[White "Rons"]
[Black "Seger"]
[WhiteElo "2670"]
[BlackElo "2840"]
[Result "1/2-1/2"]
[Round "1"]
1.e4 c5
2.Ng1f3 d6
3.d4 Ng8f6
4.Nb1c3 cxd4
5.Nf3xd4 a6
6.Bc1g5 e6
7.f4 b5
8.e5 dxe5
9.fxe5 Qd8c7
10.Qd1e2 Nf6d7
11.O-O-O Bc8b7
12.Qe2g4 Qc7b6
13.Bf1e2 Nd7xe5
14.Qg4h3 Nb8d7
15.Rh1e1 h6
16.Bg5h4 Bf8c5
17.Nd4xe6 Bc5e3
18.Kb1 Qb6xe6
19.Qh3xe3 O-O
20.Be2f1 f6
21.Bh4g3 Rf8e8
22.Qe3d4 Nd7b6
23.Bg3f2 Nb6c8
24.b3 Nc8e7
25.a4 Re8c8
26.axb5 axb5
27.Nc3xb5 Ne7f5
28.Qd4f4 Bb7d5
29.Rd1d2 Kh8
30.Qf4b4 h5
31.h3 h4
32.Bf2d4 Nf5g3
33.Nb5c7 Rc8xc7
34.Bd4xe5 fxe5
35.Qb4xh4 Qe6h6
36.Qh4xh6 gxh6
37.Rd2xd5 Rc7a7
38.Kb2 Ra7a2
39.Kc3 Ng3xf1
40.Re1xf1 Ra8c8
41.Kd3 Rc8xc2
42.g4 Rc2e2
43.Rd5d8 Kg7
44.Rd8d7 Kg6
45.Rd7d6 Kg7
46.Rf1f6 e4
47.Kd4 Ra2d2
48.Ke5 Rd2xd6
49.Rf6xd6 Re2b2
50.Kxe4 Rb2xb3
51.h4 h5
52.Rd6d3 Rb3xd3
53.Kxd3 hxg4
54.Ke3 Kg6
55.Kf4 { draw }
1/2-1/2

[Event "1/16 Finale"]
[Site "www.chess-mail.com"]
[Date "2018.11.30"]
[Round "1"]
[White "Tonino1"]
[Black "Cristiano"]
[WhiteElo "2120"]
[BlackElo "2050"]
[Result "1/2-1/2"]
[Round "1"]
1.f4 d6
2.d4 Ng8f6
3.e3 g6
4.Bf1d3 Bf8g7
5.Ng1f3 O-O
6.O-O Nb8d7
7.c3 a6
8.Nb1d2 Rf8e8
9.Qd1e2 e5
10.fxe5 dxe5
11.e4 b5
12.d5 Nd7c5
13.Bd3c2 Qd8d6
14.Nd2b3 Nc5b7
15.Bc1g5 Nf6h5
16.Qe2e3 f6
17.Bg5h6 a5
18.Bh6xg7 Kxg7
19.g3 a4
20.Nb3c1 Qd6d7
21.Nc1d3 Qd7d6
22.Nf3h4 Bc8g4
23.Bc2d1 Bg4xd1
24.Ra1xd1 Nb7a5
25.g4 Na5c4
26.Qe3c1 Qd6b6
27.Kh1 Nh5f4
28.Nd3xf4 exf4
29.Qc1xf4 Re8e5
30.Nh4f3 g5
31.Qf4g3 Re5xe4
32.Nf3d2 Re4e3
33.Nd2xc4 bxc4
34.Qg3f2 Ra8e8
35.d6 Qb6c6
36.Kg1 Re3e6
37.dxc7 Qc6xc7
38.Qf2f5 Qc7b6
39.Kh1 Qb6c6
40.Qf5d5 Qc6xd5
41.Rd1xd5 Re6e1
42.Kg1 Re1e5
43.Rd5d6 Re5e6
44.Rf1d1 Kg6
45.Kf1 h5
46.h3 hxg4
47.hxg4 Re6e2
48.Rd1d2 Re2e1
49.Kf2 Re1h1
50.Rd6d4 Rh1h2
51.Kg3 Rh2xd2
52.Rd4xd2 Re8e3
53.Kf2 Re3e5
54.Rd2d4 Re5c5
55.Rd4d6 Rc5b5
56.Rd6d2 Rb5b7
57.Kf3 Kf7
58.Ke2 Ke6
59.Kf3 Rb7b5
60.Kg3 Rb5d5
61.Rd2e2 Rd5e5
62.Re2d2 Re5d5
63.Rd2f2 Rd5d3
64.Kg2 Rd3d5
65.a3 Kf7
66.Kg3 { draw }
1/2-1/2

[Event "1/64 Finale"]
[Site "www.chess-mail.com"]
[Date "2018.11.30"]
[Round "1"]
[White "Erno"]
[Black "Hennie4820"]
[WhiteElo "1969"]
[BlackElo "1970"]
[Result "1-0"]
[Round "1"]
1.d4 Ng8f6
2.c4 g6
3.Ng1f3 Bf8g7
4.g3 O-O
5.Bf1g2 d6
6.O-O c6
7.Nb1c3 Nb8d7
8.Bc1g5 h6
9.Bg5e3 Qd8c7
10.Qd1c1 Kh7
11.a3 e5
12.h3 c5
13.dxe5 dxe5
14.Rf1d1 Ra8b8
15.Nc3b5 Qc7b6
16.Rd1d6 Qb6a5
17.b4 Qa5a4
18.Nb5c3 Qa4b3
19.Nf3d2 Qb3xc4
20.Nd2xc4 { resign }
1-0

[Event "Fast Game"]
[Site "www.echecsemail.com"]
[Date "2018.11.30"]
[Round "1"]
[White "Ranjachess"]
[Black "Tonino1"]
[WhiteElo "1820"]
[BlackElo "1870"]
[Result "0-1"]
[Round "1"]
1.d4 d6
2.Bc1f4 Ng8f6
3.Nb1c3 c6
4.e4 Qd8c7
5.e5 dxe5
6.Bf4xe5 Qc7b6
7.b3 Nb8d7
8.Ng1f3 Nd7xe5
9.dxe5 Nf6g4
10.Nc3e4 Bc8f5
11.h3 Ra8d8
12.Bf1d3 Bf5xe4
13.hxg4 Be4xf3
14.Qd1xf3 Qb6d4
15.O-O Qd4xe5
16.c4 g6
17.Rf1e1 Qe5c7
18.Bd3e4 Bf8g7
19.Ra1d1 O-O
20.g3 Rd8xd1
21.Re1xd1 Rf8d8
22.Rd1xd8 Qc7xd8
23.a4 e6
24.Qf3d3 Qd8xd3
25.Be4xd3 c5
26.f4 Bg7d4
27.Kg2 f5
28.Kh3 Kg7
29.Kh4 h6
30.gxf5 exf5
31.g4 fxg4
32.Kxg4 h5
33.Kg5 Bd4f6

0-1

[Event "Tourn. n9994"]
[Site "www.echecsemail.com"]
[Date "2018.12.01"]
[Round "1"]
[White "Francesco"]
[Black "Ditto"]
[WhiteElo "1930"]
[BlackElo "1900"]
[Result "1-0"]
[Round "1"]
1.e4 e5
2.Ng1f3 Nb8c6
3.Bf1b5 a6
4.Bb5a4 Bf8c5
5.O-O Ng8f6
6.Rf1e1 O-O
7.c3 b6
8.d4 exd4
9.cxd4 Bc5b4
10.Nb1c3 b5
11.Ba4b3 d6
12.Bc1d2 Bc8g4
{ time. }
1-0

[Event "Match"]
[Site "www.echecsemail.com"]
[Date "2018.12.01"]
[Round "1"]
[White "Apdash"]
[Black "Krystek23"]
[WhiteElo "2310"]
[BlackElo "2610"]
[Result "0-1"]
[Round "1"]
1.e4 c5
2.Ng1f3 e6
3.d4 cxd4
4.Nf3xd4 Nb8c6
5.Bf1c4 Qd8c7
6.Bc4b3 Ng8f6
7.Nd4xc6 bxc6
8.O-O Bf8d6
9.f4 Bd6c5
10.Kh1 Nf6xe4
11.Qd1f3 d5
12.Nb1d2 f5
13.Nd2xe4 fxe4
14.Qf3g3 Bc8a6
15.Rf1e1 O-O
16.Bc1d2 Rf8f7
17.Ra1c1 Ra8f8
18.c4 Qc7b6
19.cxd5 cxd5
20.Qg3g4 Bc5f2
21.Re1d1 e3
22.Bd2c3 e2
23.Rd1xd5 exd5
24.Bb3xd5 Kh8
25.Bd5xf7 Rf8xf7
26.Bc3d4 Rf7c7
27.Bd4c3 Rc7xc3
28.bxc3 Qb6e3
29.Rc1b1 e1R
{ resign }
0-1

[Event "Match"]
[Site "www.echecsemail.com"]
[Date "2018.12.01"]
[Round "1"]
[White "Chapi"]
[Black "Tbsundar"]
[WhiteElo "2010"]
[BlackElo "1979"]
[Result "0-1"]
[Round "1"]
1.d4 d5
2.c4 c6
3.Nb1c3 e6
4.Ng1f3 Nb8d7
5.Bc1f4 Ng8f6
6.cxd5 exd5
7.e3 Bf8b4
8.Bf1d3 O-O
9.O-O Rf8e8
10.a3 Bb4xc3
11.bxc3 Qd8a5
12.c4 dxc4
13.Bd3xc4 Nf6d5
14.Bf4d6 Nd7f6
15.Qd1b3 b5
16.Bd6b4 bxc4
17.Qb3xc4 Qa5b5
18.Rf1c1 Nd5xb4
19.axb4 Bc8g4
20.Nf3e5 Qb5xc4
21.Rc1xc4 Bg4e2
22.Rc4xc6 Re8b8
23.Ra1b1 a5
24.Rc6c2 Be2h5
25.Ne5c6 Bh5g6
26.Nc6e7 Kf8
27.Ne7xg6 hxg6
28.b5 Nf6d5
29.Rc2c5 Nd5b4
30.g3 Nb4a6
31.Rc5c3 Rb8b6
32.e4 Na6b4
33.f4 Rb6xb5
34.d5 Nb4xd5
35.exd5 Rb5xb1
{ resign }
0-1

[Event "Match"]
[Site "www.echecsemail.com"]
[Date "2018.12.01"]
[Round "1"]
[White "Babedad"]
[Black "Ketchuplover"]
[WhiteElo "2240"]
[BlackElo "1980"]
[Result "0-1"]
[Round "1"]
1.Ng1f3 Ng8f6
2.g3 b6
3.Bf1g2 Bc8b7
4.O-O e6
5.d3 Bf8e7
6.Nb1d2 O-O
7.Rf1e1 d6
8.e4 Nb8d7
9.c3 a5
10.Nd2f1 h6
11.h3 c5
12.Nf3h2 b5
13.f4 e5
14.f5 Kh7
15.g4 g5
16.Qd1b3 b4
17.cxb4 axb4
18.Nf1e3 Bb7c6
19.Ne3c4 Bc6a4
{ resign }
0-1

[Event "Match"]
[Site "www.echecsemail.com"]
[Date "2018.12.01"]
[Round "1"]
[White "Tonino1"]
[Black "Emmanuel69"]
[WhiteElo "2140"]
[BlackElo "1950"]
[Result "1-0"]
[Round "1"]
1.d4 d5
2.Ng1f3 Ng8f6
3.e3 e6
4.Bf1d3 Bf8e7
5.O-O O-O
6.c3 a6
7.Nb1d2 Nb8c6
8.Nf3e5 Nc6xe5
9.dxe5 Nf6d7
10.f4 g6
11.Qd1e2 Rf8e8
12.e4 Nd7b6
13.Nd2f3 Be7f8
14.g4 dxe4
15.Bd3xe4 Bf8g7
16.Bc1e3 Qd8e7
17.Ra1d1 Re8d8
18.Rd1xd8 Qe7xd8
19.Rf1d1 Qd8e7
20.Qe2f2 Nb6c4
21.Be3c5 Qe7e8
22.b3 Nc4a5
23.Qf2d2 Na5c6
24.Be4xc6 bxc6
25.Qd2d8 Bc8b7
26.Qd8xc7 Qe8c8
27.Rd1d7 Qc8xc7
28.Rd7xc7 Bb7c8
29.Nf3d4 Bg7f8
30.Bc5xf8 Kxf8
31.Nd4xc6 a5
32.Nc6xa5 Ra8xa5
33.Rc7xc8 Kg7
34.a4 h6
35.c4 Ra5a7
36.c5 { resign }
1-0

[Event "Tourn. n9965"]
[Site "www.echecsemail.com"]
[Date "2018.12.01"]
[Round "1"]
[White "Ditto"]
[Black "Julian"]
[WhiteElo "1830"]
[BlackElo "1810"]
[Result "0-1"]
[Round "1"]
1.e4 c5
2.Nb1c3 Nb8c6
3.Ng1f3 Ng8f6
4.Bf1c4 e6
5.d4 cxd4
6.Nf3xd4 d6
7.Bc1g5 Bf8e7
8.Qd1f3 Nc6xd4
9.Qf3d1 O-O
10.Qd1xd4 e5
11.Qd4d1 Bc8e6
12.Bc4d3 Ra8c8
13.O-O d5
14.exd5 Nf6xd5
15.Bg5xe7 Nd5xe7
16.Rf1e1 f6
17.Qd1f3 Ne7d5
18.Nc3e4 Nd5f4
19.Ne4c3 Nf4xd3
20.cxd3 Qd8b6
21.Nc3e4 Rc8c2
22.b3 { time. }
0-1

[Event "Tourn. n9983"]
[Site "www.echecsemail.com"]
[Date "2018.12.01"]
[Round "1"]
[White "Cal"]
[Black "Ditto"]
[WhiteElo "1770"]
[BlackElo "1880"]
[Result "1-0"]
[Round "1"]
1.Nb1c3 e5
2.e4 Nb8c6
3.a3 Bf8c5
4.d3 d6
5.h3 Ng8f6
6.Ng1f3 Bc8e6
7.Bf1e2 Nc6d4
8.b4 Bc5b6
9.Bc1g5 a6
10.a4 h6
11.Bg5xf6 Qd8xf6
12.O-O Qf6g6
13.Nf3h4 Qg6f6
14.Nh4f3 Nd4xf3
15.Be2xf3 O-O
16.Nc3e2 Qf6h4
17.Ne2g3 Ra8c8
{ time. }
1-0

[Event "Match"]
[Site "www.echecsemail.com"]
[Date "2018.12.01"]
[Round "1"]
[White "Ditto"]
[Black "Apdash"]
[WhiteElo "1860"]
[BlackElo "2180"]
[Result "0-1"]
[Round "1"]
1.e4 c5
2.Bf1c4 e6
3.Ng1f3 a6
4.d4 b5
5.Bc4e2 cxd4
6.Nf3xd4 Bc8b7
7.Be2d3 Nb8c6
8.Bc1e3 g6
9.O-O Bf8g7
10.c3 Nc6e5
11.Bd3c2 Ng8f6
12.Nd4e2 d5
13.exd5 Nf6xd5
14.Be3d4 Qd8g5
15.Ne2g3 O-O
16.Bc2e4 f5
17.Be4xd5 Bb7xd5
18.Qd1e2 Bd5c4
19.Qe2e1 Ne5c6
20.Bd4c5 Rf8e8
21.Nb1d2 Bc4xf1
22.Qe1xf1 Qg5xd2
23.Ra1b1 Ra8d8
24.Bc5e3 Qd2d3
25.Qf1e1 e5
26.Be3b6 Rd8d7
27.h3 Re8b8
28.Bb6c5 Qd3c4
29.Bc5a3 a5
30.b3 Qc4d3
31.Ba3b2 f4
32.Ng3e4 f3
33.g3 Qd3e2
34.h4 Qe2xe1
35.Rb1xe1 b4
36.c4 Nc6d4
37.Ne4c5 Nd4e2
38.Kh2 Rd7d2
39.Bb2c1 Ne2xc1
40.Re1xc1 Rd2xf2
41.Kh3 Rf2xa2
42.Rc1d1 Bg7h6
43.g4 Bh6e3
44.Nc5e4 { time. }
0-1

[Event "Tourn. n9962"]
[Site "www.echecsemail.com"]
[Date "2018.12.01"]
[Round "1"]
[White "Julian"]
[Black "Ditto"]
[WhiteElo "1790"]
[BlackElo "1830"]
[Result "1-0"]
[Round "1"]
1.e4 e5
2.Ng1f3 Nb8c6
3.Bf1b5 a6
4.Bb5c4 Ng8f6
5.Nb1c3 Bf8b4
6.O-O Bb4c5
7.d3 d6
8.Bc1e3 Bc5xe3
9.fxe3 Bc8g4
10.Nc3d5 Nc6b8
11.Nd5xf6 Qd8xf6
12.Qd1e1 Nb8d7
13.Qe1g3 Bg4h5
14.d4 Qf6h6
15.Nf3h4 exd4
16.Nh4f5 Qh6f6
17.Nf5xg7 Ke7
18.Rf1xf6 Nd7xf6
19.Ng7xh5 Nf6xh5
20.Qg3g5 Nh5f6
21.Ra1f1 Rh8g8
{ time. }
1-0

[Event "Tourn. n9934"]
[Site "www.echecsemail.com"]
[Date "2018.12.01"]
[Round "1"]
[White "Tartan"]
[Black "Foxy100"]
[WhiteElo "2600"]
[BlackElo "2320"]
[Result "1/2-1/2"]
[Round "1"]
1.d4 d5
2.c4 e6
3.Nb1c3 Ng8f6
4.Bc1g5 Bf8e7
5.Ng1f3 O-O
6.e3 Nb8d7
7.Qd1c2 c6
8.a3 Rf8e8
9.Ra1c1 a6
10.h3 b5
11.c5 a5
12.b4 Nf6h5
13.Bg5xe7 Qd8xe7
14.Bf1d3 Nh5f6
15.O-O axb4
16.axb4 Bc8b7
17.Rf1e1 g6
18.Bd3e2 Re8c8
19.Rc1a1 e5
20.Nf3d2 Ra8xa1
21.Re1xa1 exd4
22.exd4 Nd7f8
23.Nd2f3 Nf8e6
24.Be2f1 Rc8a8
25.Ra1e1 Nf6h5
26.g3 Nh5g7
27.Bf1g2 Ng7f5
28.Qc2d2 Kg7
29.Nc3e2 Qe7c7
30.h4 Kg8
31.Bg2h3 Nf5g7
32.Nf3e5 Bb7c8
33.Bh3g2 Ra8a6
34.Ne2f4 Ne6xf4
35.Qd2xf4 Bc8e6
36.Qf4f6 Ng7e8
37.Qf6f3 Ne8g7
38.Qf3f6 Ng7e8
39.Qf6f3 Ne8g7
40.Qf3f6 { draw }
1/2-1/2

[Event "Tourn. n9977"]
[Site "www.echecsemail.com"]
[Date "2018.12.01"]
[Round "1"]
[White "Osopanda"]
[Black "Ditto"]
[WhiteElo "1850"]
[BlackElo "1860"]
[Result "1-0"]
[Round "1"]
1.e4 e5
2.Ng1f3 Nb8c6
3.Bf1b5 a6
4.Bb5xc6 dxc6
5.d4 Bc8g4
6.d5 cxd5
7.Nb1c3 Bf8b4
8.O-O dxe4
9.Qd1xd8 Ra8xd8
10.Nf3xe5 Bg4f5
11.Bc1f4 Bb4d6
12.g4 Bd6xe5
13.Bf4xe5 f6
14.Be5xc7 Rd8d7
15.gxf5 Ng8e7
16.Bc7f4 Ne7xf5
{ time. }
1-0

[Event "Tourn. n10013"]
[Site "www.echecsemail.com"]
[Date "2018.12.01"]
[Round "1"]
[White "Apdash"]
[Black "Dougbeer"]
[WhiteElo "2290"]
[BlackElo "2460"]
[Result "0-1"]
[Round "1"]
1.d4 e6
2.e4 d5
3.e5 c5
4.c3 Nb8c6
5.Ng1f3 Qd8b6
6.Bf1e2 cxd4
7.cxd4 Ng8h6
8.Bc1xh6 Qb6xb2
9.Bh6xg7 Bf8xg7
10.Nb1d2 Nc6xd4
11.O-O O-O
12.Nf3xd4 Qb2xd4
13.Nd2f3 Qd4xd1
14.Rf1xd1 Bc8d7
15.Ra1b1 Ra8b8
16.Rd1c1 Bd7c6
17.Rc1c2 Rf8d8
18.Be2d3 d4
19.Rc2c5 Rb8c8
20.Nf3g5 h6
21.Ng5h7 b6
22.Rc5xc6 Rc8xc6
23.Nh7f6 Bg7xf6
24.exf6 Rd8c8
25.g4 Rc6c1
26.Rb1xc1 Rc8xc1
27.Kg2 Rc1a1
28.Bd3c4 d3
29.Bc4xd3 Ra1xa2
30.h4 a5
31.g5 hxg5
32.hxg5 Ra2b2
33.Kf3 a4
34.Ke3 a3
35.g6 a2
36.gxf7 Kxf7
37.Bd3c4 a1Q
38.Bc4xe6 Kxe6
{ resign }
0-1

[Event "Tourn. n9965"]
[Site "www.echecsemail.com"]
[Date "2018.12.01"]
[Round "1"]
[White "Osopanda"]
[Black "Ditto"]
[WhiteElo "1810"]
[BlackElo "1840"]
[Result "1-0"]
[Round "1"]
1.e4 e5
2.Ng1f3 Nb8c6
3.Bf1b5 Bf8c5
4.O-O a6
5.Bb5xc6 dxc6
6.c3 Bc8g4
7.d4 exd4
8.cxd4 Bc5a7
9.Nb1c3 Ba7xd4
10.Qd1xd4 Bg4xf3
11.Qd4xd8 Ra8xd8
12.gxf3 Ng8f6
13.Bc1e3 O-O
14.Rf1d1 Rd8c8
15.Kg2 Rf8e8
16.Nc3e2 b6
17.Ne2d4 c5
18.Nd4f5 a5
19.h4 h6
20.Rd1d2 Kf8
21.Ra1d1 c4
{ time. }
1-0

[Event "Match"]
[Site "www.echecsemail.com"]
[Date "2018.12.01"]
[Round "1"]
[White "Ranjachess"]
[Black "Erno"]
[WhiteElo "1890"]
[BlackElo "1969"]
[Result "0-1"]
[Round "1"]
1.d4 Ng8f6
2.Nb1c3 d5
3.Bc1f4 a6
4.h3 c5
5.Bf4xb8 Ra8xb8
6.Qd1d2 cxd4
7.Qd2xd4 Qd8c7
8.O-O-O e6
9.e3 b5
10.b4 Bc8d7
11.g3 Rb8c8
12.Rd1d3 e5
13.Qd4h4 e4
14.Rd3d2 Qc7xc3
15.Kd1 Bf8xb4
16.Rd2xd5 Qc3xc2

0-1

[Event "Tourn. n9983"]
[Site "www.echecsemail.com"]
[Date "2018.12.01"]
[Round "1"]
[White "Ditto"]
[Black "Julian"]
[WhiteElo "1880"]
[BlackElo "1690"]
[Result "0-1"]
[Round "1"]
1.e4 c5
2.Nb1c3 Nb8c6
3.Bf1c4 e6
4.d3 d6
5.Bc1f4 Ng8f6
6.Bf4g5 Bf8e7
7.Ng1f3 O-O
8.O-O a6
9.Rf1e1 b5
10.Bc4b3 { time. }
0-1

[Event "Fast Game"]
[Site "www.echecsemail.com"]
[Date "2018.12.01"]
[Round "1"]
[White "Erno"]
[Black "Tonino1"]
[WhiteElo "1689"]
[BlackElo "1870"]
[Result "1-0"]
[Round "1"]
1.g3 d6
2.Bf1g2 Ng8f6
3.d4 c6
4.Ng1f3 g6
5.O-O Bf8g7
6.c4 O-O
7.Nb1c3 Qd8c7
8.e4 e5
9.d5 c5
10.Bc1e3 Nf6g4
11.Be3d2 h6
12.Qd1c1 Kh7
13.a3 f5
14.exf5 gxf5
15.Nf3h4 Qc7e7
16.Qc1c2 e4
17.Nc3xe4 fxe4
18.Bg2xe4  { time }
1-0

[Event "Match"]
[Site "www.echecsemail.com"]
[Date "2018.12.02"]
[Round "1"]
[White "Numanoid"]
[Black "Apdash"]
[WhiteElo "2620"]
[BlackElo "2320"]
[Result "1-0"]
[Round "1"]
1.e4 c5
2.Ng1f3 d6
3.d4 cxd4
4.Nf3xd4 Nb8c6
5.c4 Ng8f6
6.Nb1c3 a6
7.Bf1e2 g6
8.Bc1e3 Bf8g7
9.O-O h5
10.h3 Bc8d7
11.f4 e5
12.Nd4f3 Bd7e6
13.f5 gxf5
14.exf5 Be6xf5
15.Nf3xe5 Nc6xe5
16.Rf1xf5 Bg7h6
17.Qd1d2 Bh6xe3
18.Qd2xe3 Qd8e7
19.Qe3f2 Rh8h6
20.Ra1f1 Ne5d7
21.Kh1 O-O-O
22.Qf2a7 Kc7
23.Rf5xf6 Nd7xf6
24.Rf1xf6 Qe7f8
25.Nc3d5 Kc8
26.Qa7a8 Kd7
27.Qa8xb7 Ke8
28.Be2d1 Qf8g7
29.Qb7e7 { resign }
1-0

[Event "Tourn. n9967"]
[Site "www.echecsemail.com"]
[Date "2018.12.02"]
[Round "1"]
[White "Bira47"]
[Black "Francesco"]
[WhiteElo "2060"]
[BlackElo "1910"]
[Result "0-1"]
[Round "1"]
1.c4 Ng8f6
2.g3 g6
3.Bf1g2 Bf8g7
4.Nb1c3 c6
5.h3 d5
6.cxd5 Nf6xd5
7.Nc3xd5 cxd5
8.e3 Nb8c6
9.a3 O-O
10.Ng1e2 Bc8f5
11.O-O Bf5d3
12.Rf1e1 e6
13.Ne2f4 Bd3b5
14.d4 Ra8c8
15.Bc1d2 Qd8d6
16.Ra1c1 b6
17.b4 Nc6e7
18.Qd1b3 Bb5c4
19.Qb3a4 Rc8c7
20.Bg2f1 Rf8c8
21.Nf4d3 b5
22.Qa4d1 Ne7f5
23.Qd1f3 a6
24.Nd3c5 Nf5e7
25.Qf3f4 Qd6xf4
26.gxf4 Ne7f5
27.Kh2 Nf5d6
28.f3 Nd6f5
29.Bf1d3 Nf5h4
30.Kg3 Bc4xd3
31.Nc5xd3 Nh4f5
32.Kg2 Rc7c2
33.Rc1xc2 Rc8xc2
34.Re1e2 Nf5xe3
35.Kf2 Ne3c4
36.Bd2e3 Nc4xa3
37.Re2xc2 Na3xc2
38.Ke2 Nc2xd4
39.Be3xd4 Bg7xd4
40.Nd3e5 Bd4xe5
41.fxe5 Kf8
42.Kd3 Ke7
43.Kd4 f6
44.f4 f5
45.h4 Kd7
46.Kc5 Kc7
47.Kd4 Kc6
48.Kc3 Kb6
49.Kd4 a5
50.Kc3 axb4
51.Kxb4 Kc6
52.Kc3 Kc5
53.Kd3 b4
54.Kc2 Kc4
55.Kb2 d4
56.Kc2 b3
57.Kb2 d3
58.Kc1 Kc3
{ resign }
0-1